| 000 | 00644nam a22002177a 4500 | ||
|---|---|---|---|
| 003 | OSt | ||
| 005 | 20140310182351.0 | ||
| 008 | 130930t xxu||||| |||| 00| 0 eng d | ||
| 020 | _a0152438173 | ||
| 050 |
_aPZ 8.1 _b.D43 1980 |
||
| 082 |
_aGS 398.2'1'0945 _b.D43le 1980 |
||
| 100 |
_aDe Paola, Tomie _922170 |
||
| 245 |
_aThe legend of old befana. _cDe Paola, Tomie |
||
| 260 |
_aFlorida : _bHarcourt brace & company, _c1980. |
||
| 300 |
_a30 p. : _bcol. ill. ; _c25.4 cm |
||
| 650 |
_aBefana _xJuvinile literature. _922175 |
||
| 650 |
_aChristmas stories _93694 |
||
| 650 |
_aFolklore _xItaly. _922176 |
||
| 942 |
_2lcc _cBK-GS |
||
| 999 |
_c12367 _d12367 |
||